ہم عصر خو ا تين ا فسا نہ نگا ر :ا يک جا ءز ہ (Record no. 169511)

MARC details
000 -LEADER
fixed length control field 00710nam a22001937a 4500
005 - DATE AND TIME OF LATEST TRANSACTION
control field 20191122105844.0
010 ## - LCCN (DPL NO)
LC control number UR-10604
020 ## - INTERNATIONAL STANDARD BOOK NUMBER
Terms of availability 300.00
International Standard Book Number 9789389002669
035 ## - SYSTEM CONTROL NUMBER
System control number U-9159
037 ## - SOURCE OF ACQUISITION
Source of stock number/acquisition DBAD/PUB
Stock number -
082 ## - DEWEY DECIMAL CLASSIFICATION NUMBER
Classification number 305.4
100 ## - MAIN ENTRY--PERSONAL NAME
Personal name شا ذ يہ کما ل
245 ## - TITLE STATEMENT
Title ہم عصر خو ا تين ا فسا نہ نگا ر :ا يک جا ءز ہ
Statement of responsibility, etc شا ذ يہ کما ل
246 ## - VARYING FORM OF TITLE
Remainder of title Hamasar Khawateen Afsananigar :Ek jaaeza (Urdu)
Title proper/short title by Dr. Shazia Kamal
260 ## - PUBLICATION, DISTRIBUTION, ETC. (IMPRINT)
Place of publication, distribution, etc Delhi
Name of publisher, distributor, etc Educational Publishing House
Date of publication, distribution, etc 2019 ء
270 ## - ADDRESS
Address 3191,Vakil Street, Kucha Pandit,Lal Kuan,
City Delhi
Postal code 110006
Telephone number 01123216162
Fax number -
300 ## - PHYSICAL DESCRIPTION
Extent 235 ص
Dimensions 22 Cm(Hb)
942 ## - ADDED ENTRY ELEMENTS (KOHA)
Source of classification or shelving scheme Dewey Decimal Classification
Item type Urdu Bks
Classification part 305.4
Call number suffix ش ا ذ
Holdings
Withdrawn status Lost status Not for loan Collection code Home library Current library Date acquired Source of acquisition Cost, normal purchase price Full call number Barcode Copy number Cost, replacement price Koha item type
    Not For Loan Non-fiction D.B.Act.Division D.B.Act.Division 22/11/2019 DBAD/PUB 300.00 305.4 ش ا ذ U-9159 1 300.00 Urdu Bks

© Delhi Public Library
Hit Counter
free hit counter